000 00618nam a2200157 4500
999 _c16268
_d16268
008 210920b ||||| |||| 00| 0 eng d
022 _a0732-8435
082 _aDPer 657.05 C33 Apr - Sept 2016, v86 n4-9
100 _aWeinstein, Edward A.
_943596
245 _aSustainability-nit GAAP measurement:
_ba unique opportunity/
_cEdward A. Weinstein and Stanley Goldstein.
260 _aNew York:
_bThe New York State Society of CPA,
_c©2016.
300 _av86 n6, pages 6-9;
_billustrations:
_c28 cm.
650 _aAccounting
_xSustainable development.
_943597
700 _aGoldstein, S.
_eAuthor.
_943598
942 _2ddc
_cPER